• 首页
  • 本馆介绍
  • 公告通知
  • 最新文献
  • 馆藏检索
  • 电子资源
  • 读者导购
  • 参考咨询
  • 我的图书馆
  • 登录
  • 详细信息显示
  • 放入我的书架
  • 预约/预借图书
  • 作者相关作品
  • 分类相关作品
  • 丛书相关作品
  • 出版社相关作品

书目信息

  • 表格格式
  • 工作单格式
  • 卡片格式
题名:
数学教育学
    
 
作者: 罗小伟 著
分册:  
出版信息: 北京   中国工人出版社  1994.08
页数: 397页
开本: 32开
丛书名:
单 册:
中图分类: O1-42
科图分类:
主题词: 数学 , 教育学
电子资源:
ISBN: 7-5008-1699-5
000 00645nam0 2200217 45
001 0204221467
005 20031219104054.8
010    @a7-5008-1699-5@dCNY10.00
100    @a20020422d1994 km y0chiy0120 ea
101 0  @achi
105    @a z 000yy
200 1  @a数学教育学@e基本理论与实践@EJi Ben Li Lun Yu Shi Jian@AShu Xue Jiao Yu Xue@f罗小伟著@FLuo Xiao Wei Zhu
210    @a北京@c中国工人出版社@d1994.08
215    @a397页@d32开
517    @a基本理论与实践@AJi Ben Li Lun Yu Shi Jian
606 0  @a数学
606 0  @a教育学
690    @aO1-42@v4
701    @a罗小伟@4著
801    @aCN@bTSTC@c20020422
905    @b308883-887@dO1-42@e216@f5
    
    数学教育学:基本理论与实践/罗小伟著.-北京:中国工人出版社,1994.08
    397页;32开
    
    
    ISBN 7-5008-1699-5:CNY10.00
    
●
相关链接 在E读中查询图书 在五车中查询图书 在当当中查询图书 在豆瓣中查询图书


正题名:数学教育学     索取号:O1-42/216         预约/预借

序号 登录号 条形码 馆藏地/架位号 状态 备注
1 0308883   203088835   第三借阅区/ [索取号:O1-42/216] 在馆    
2 0308884   203088844   第三借阅区/ [索取号:O1-42/216] 在馆    
3 0308885   203088853   第三借阅区/ [索取号:O1-42/216] 在馆    
4 0308886   203088862   第三借阅区/ [索取号:O1-42/216] 在馆    
5 0308887   203088871   第二样本阅览室/ [索取号:O1-42/216] 在馆    
唐山师范学院图书馆 欢迎您!
大连网信软件有限公司© 版权所有